Power review : (Record no. 117787)
[ view plain ]
| 000 -LEADER | |
|---|---|
| fixed length control field | 00651nam a2200181Ia 4500 |
| 008 - FIXED-LENGTH DATA ELEMENTS--GENERAL INFORMATION | |
| fixed length control field | 140529s9999 xx 000 0 und d |
| 050 ## - LIBRARY OF CONGRESS CALL NUMBER | |
| Classification number | RT 82 |
| Item number | .L926 2007 |
| 100 ## - MAIN ENTRY--PERSONAL NAME | |
| Personal name | Luansing, Glenn R. |
| 245 ## - TITLE STATEMENT | |
| Title | Power review : |
| Remainder of title | a nursing review guide on professional adjustment, leadership, management, ethics and research / |
| Statement of responsibility, etc | Glenn R. Luansing |
| 250 ## - EDITION STATEMENT | |
| Edition statement | 1st ed. |
| 260 ## - PUBLICATION, DISTRIBUTION, ETC. (IMPRINT) | |
| Place of publication, distribution, etc | [Manila, Philippines] : |
| Name of publisher, distributor, etc | G.R. Luansing Publication, |
| Date of publication, distribution, etc | c2007. |
| 300 ## - PHYSICAL DESCRIPTION | |
| Extent | 160 p. : |
| Other physical details | ill. (some col.) ; |
| Dimensions | 22 cm. |
| 500 ## - GENERAL NOTE | |
| General note | Includes index and bibliographical references. |
| 521 ## - TARGET AUDIENCE NOTE | |
| Target audience note | |
| 650 ## - SUBJECT ADDED ENTRY--TOPICAL TERM | |
| Topical term or geographic name as entry element | Continuing education. |
| 942 ## - ADDED ENTRY ELEMENTS (KOHA) | |
| Call number prefix | Local |
| Koha item type | Books |
| Withdrawn status | Lost status | Damaged status | Home library | Current library | Shelving location | Date acquired | Total Checkouts | Total Renewals | Full call number | Barcode | Date last seen | Date checked out | Price effective from | Koha item type |
|---|---|---|---|---|---|---|---|---|---|---|---|---|---|---|
| College Library | College Library | Filipiniana Section | 05/30/2014 | 1 | 11 | RT 82 .L926 2007 | C17041 | 04/15/2019 | 01/19/2019 | 05/30/2014 | Books |